000 00579nam a2200169 a 4500
001 000022289
005 20250502073819.0
008 100921s1985 dr 000 0 spa d
040 _aDO-SdBNP
_bspa
_cBNPHU
082 _axxxx
_bE77o
100 1 _aEsquea Guerrero, Emmanuel T.
_930792
245 1 3 _aLa organización constitucional durante la primera república /
_cEmmanuel T. Esquea Guerrero.
260 _aSanto Domingo :
_bONAP,
_c1985.
300 _a26 p. ;
_c22 cm.
710 1 _aRepública Dominicana.
_bOficina Nacional de Administración y Personal
_926398
049 _aBNPD
999 _c21787
_d21787